000 00479nam a2200157Ia 4500
008 210210b1974 xxu||||| |||| 00| 0 eng d
082 _a301 INDS
100 _aINDIAN COUNCIL OF SOCIAL SCIENCE RESEARCH.
245 _aSurvey of research in sociology and social anthropology. Vol.1
260 _aBombay
_bPopular Prakashan
_c1974
300 _a479
440 _a1
650 _aResearch in sociology Research in social anthropology
690 _aSociology
906 _aSG00517
999 _c112298
_d112298